Central Library OPAC University of Rajshahi

The teaching of the Qurʹan : (Record no. 56982)

MARC details
000 -LEADER
fixed length control field 00814nam a2200253 a 4500
001 - CONTROL NUMBER
control field 56982
003 - CONTROL NUMBER IDENTIFIER
rucl marc code BD-RjUL
005 - DATE AND TIME OF LATEST TRANSACTION
control field 20211209080445.0
008 - FIXED-LENGTH DATA ELEMENTS--GENERAL INFORMATION
fixed length control field 161205m1919 enka b 001 0 eng
035 ## - SYSTEM CONTROL NUMBER
System control number (BD-RjUL)57106
040 ## - CATALOGING SOURCE
Original cataloging agency DLC
Transcribing agency DLC
Modifying agency BD-RjUL
Language of cataloging eng
041 ## - LANGUAGE CODE
Language code of text/sound track or separate title eng
082 00 - DEWEY DECIMAL CLASSIFICATION NUMBER
Classification number 297
Edition number 23
Author mark and year STT 1919
100 1# - MAIN ENTRY--PERSONAL NAME
Personal name Stanton, H. U. Weitbrecht
9 (RLIN) 169341
245 14 - TITLE STATEMENT
Title The teaching of the Qurʹan :
Remainder of title with an account of its growth and a subject index /
Statement of responsibility, etc. by H. U. Weitbrecht Stanton
250 ## - EDITION STATEMENT
Edition statement rev.
260 ## - PUBLICATION, DISTRIBUTION, ETC. (IMPRINT)
Place of publication, distribution, etc. London :
Name of publisher, distributor, etc. Society for Promoting Christian Knowledge,
Date of publication, distribution, etc. 1919.
300 ## - PHYSICAL DESCRIPTION
Pagination 136 p. :
Illustrations ill ;
Size 23 cm.
504 ## - BIBLIOGRAPHY, ETC. NOTE
Bibliography, etc Includes Bibliography: p. 135-136. and index
650 ## - SUBJECT ADDED ENTRY--TOPICAL TERM
Source of heading or term
Topical term or geographic name as entry element Qurʼan
9 (RLIN) 169357
Topical term or geographic name as entry element Koran
9 (RLIN) 169358
Topical term or geographic name as entry element Leerstellingen
9 (RLIN) 169359
942 ## - ADDED ENTRY ELEMENTS (KOHA)
Source of classification or shelving scheme Dewey Decimal Classification
Koha item type Books
Holdings
Lost status Source of classification or shelving scheme Damaged status Not for loan Collection code Permanent Location Current Location Shelving location Date acquired Source of acquisition Total Checkouts Full call number Date last seen Copy number Koha item type
  Dewey Decimal Classification     Non-fiction Central Library, University of Rajshahi Central Library, University of Rajshahi Reading Room 03/12/1966 Sweets   297 STT 1919 05/12/2016 C-1 Books